Biblioteca

Historia del pensamiento / Juan Manuel Prado, Director (Registro nro. 31601)

Detalles MARC
000 -LÍDER
Campo fijo de descripción fija 004680000a22001450004500
001 - NÚMERO DE CONTROL
Campo de control 45
020 ## - NÚMERO INTERNACIONAL NORMALIZADO PARA LIBROS
Número Internacional Normalizado del libro 84-7530-355-2
041 0# - CÓDIGO DE IDIOMA
Código de idioma para texto/pista de sonido o título separado
082 04 - NÚMERO DE CLASIFICACIÓN DECIMAL DEWEY
Número de clasificación R 109 V2158h
245 10 - TÍTULO
Título del Material Historia del pensamiento / Juan Manuel Prado, Director
260 ## - PUBLICACIÓN, DISTRIBUCIÓN, ETC. (PIE DE IMPRENTA)
Lugar de publicación, distribución, etc. Barcelona, España : Orbis
505 00 - NOTA DE CONTENIDO
Nota de contenido con formato preestablecido Vol. 1 Los orígenes del pensamiento. Vol. 2 Las ideas como creencias. Vol. 3 Alemania toma la palabra. Vol. 4 Los tiempos modernos.
650 14 - ASIENTO SECUNDARIO DE MATERIA - TERMINO TEMÁTICO
Término temático o nombre geográfico como elemento de entrada FILOSOFIA - HISTORIA
942 ## - TIPO DE MATERIAL (KOHA)
Tipo de Item KOHA Libros General
Existencias
Estado de Material Estado de Perdido Forma de Clasificación Estado de Dañado No para Préstamo Colección Tomo Biblioteca de Origen Biblioteca Permanente Fecha de Adquisición Total de Préstamos Signatura Topográfica Código de Barras Última vez visto Ejemplar/Existencia Fecha de Remplazo Tipo de Material
    Dewey Decimal Classification     Colección de Referencia   Biblioteca FUSBC Biblioteca FUSBC 23/08/2004   R 109 V2158h 7751 12/12/2019 Vol. 1, ej. 1 26/01/2016 Libros de Referencia
    Dewey Decimal Classification     Colección de Referencia   Biblioteca FUSBC Biblioteca FUSBC 23/08/2004   R 109 V2158h 7754 12/12/2019 Vol. 4, ej. 1 26/01/2016 Libros de Referencia
    Dewey Decimal Classification     Colección de Referencia   Biblioteca FUSBC Biblioteca FUSBC 23/08/2004   R 109 V2158h 7753 12/12/2019 Vol. 3, ej. 1 26/01/2016 Libros de Referencia
    Dewey Decimal Classification     Colección de Referencia   Biblioteca FUSBC Biblioteca FUSBC 23/08/2004   R 109 V2158h 7752 12/12/2019 Vol. 2, ej. 1 26/01/2016 Libros de Referencia

Biblioteca FUSBC | Teléfono: (57+4) 349 88 10 Ext. 141| WhatsApp (+57) 3005338115 
E-mail: biblioteca@unisbc.edu.co | Calle 76 87-14 Robledo Palenque, Medellín, Colombia

Con tecnología Koha